Islas más Pobladas - Estadísticas

Estadísticas generales
  • Esta prueba ha sido intentada 4.547 veces
  • La puntuación promedio es 20 de 100
Estadísticas de respuestas
Población Isla % Correcto
28,5 M Madagascar
77%
11,3 M Cuba
76%
7,03 M Irlanda
68%
375 mil Islandia
67%
21,9 M Sri Lanka
65%
2,95 M Jamaica
62%
1,09 M Chipre
61%
23,9 M Taiwán
59%
386 mil Malta
58%
862 mil Mallorca
55%
66,4 M Gran Bretaña
53%
907 mil Tenerife
53%
839 mil Gran Canaria
48%
4,80 M Sicilia
48%
145 M Java
46%
22,3 M La Española
45%
1,58 M Cerdeña
44%
23,7 M Borneo
43%
14,8 M Nueva Guinea
41%
1,27 M Trinidad
40%
59,2 M Sumatra
38%
623 mil Creta
35%
1,22 M Mauricio
35%
3,29 M Puerto Rico
35%
5,38 M Hokkaidō
34%
104 M Honshu
32%
5,89 M Singapur
32%
3,92 M Isla Norte
29%
1,20 M Isla Sur
29%
542 mil Tasmania
29%
4,32 M Bali
28%
64,3 M Luzón
28%
1,10 M Baréin
23%
20,2 M Célebes
22%
3,18 M Timor
22%
12,7 M Kyūshū
19%
27,0 M Mindanao
19%
1,27 M Hong Kong
17%
1,30 M Okinawa
17%
1,69 M Manhattan
16%
10,1 M Hainan
14%
838 mil Reunión
14%
3,82 M Shikoku
14%
522 mil Terranova
14%
1,01 M Oahu
13%
8,06 M Long Island
12%
2,89 M Zhongshan (Macau)
12%
4,30 M Cebú
11%
870 mil Vancouver
11%
1,83 M Flores
10%
622 mil Jeju
10%
390 mil Martinica
10%
887 mil Palawan
10%
4,66 M Negros
9%
472 mil Sajalín
9%
897 mil Zanzíbar (Unguja)
9%
3,31 M Lombok
7%
4,52 M Panay
7%
2,29 M Selandia
7%
490 mil Margarita
6%
1,33 M Mindoro
6%
2,01 M Isla de Montreal
5%
2,63 M Leyte
5%
1,75 M Sámar
5%
496 mil Staten Island
5%
686 mil Sumba
5%
1,21 M Bohol
4%
434 mil Ceram
4%
4,00 M Madura
4%
383 mil Marajó
4%
707 mil Masbate
4%
514 mil Nueva Bretaña
4%
525 mil Phuket
4%
23,8 M Salsete
4%
1,39 M Sumbawa
4%
662 mil Viti Levu
4%
2,04 M Xiamen
4%
441 mil Ambon
3%
961 mil Bangka
3%
1,15 M Batam
3%
466 mil Fionia
3%
450 mil Halmahera
3%
756 mil Nías
3%
860 mil Penang
3%
1,38 M São Luís
3%
760 mil São Vicente
3%
459 mil Basilan
2%
1,76 M Bhola Island
2%
447 mil Buton
2%
763 mil Cangshan
2%
615 mil Chongming
2%
1,56 M Haizhu
2%
423 mil IJsselmonde
2%
438 mil Isla Jesús
2%
530 mil Joló
2%
468 mil Mactán
2%
407 mil Pemba
2%
400 mil Sandwip
2%
420 mil Santa Catarina
2%
503 mil Zhoushan
2%
No se encontraron pruebas coincidentes
Distribución de puntuación
Porcentaje de gente con cada puntuación
Porcentaje por número respondido
Historial de tus puntuaciones
No has intentado esta prueba.